[Event "4NCL/Div4/JUTK vs. OXF2"]
[Site "Sunningdale ENG"]
[Date "2007.02.10"]
[Round "5.2"]
[White "Starkie, Ray"]
[Black "Naylor, John"]
[Result "1/2-1/2"]
[WhiteElo "2150"]
[BlackElo "2219"]
[PlyCount "95"]
[EventDate "2007.02.10"]
[EventType "team"]
[EventRounds "11"]
[EventCountry "ENG"]

1. d4 Nf6 2. Nf3 g6 3. Nc3 d5 4. Bf4 Bg7 5. e3 O-O 6. Be2 c5 7. O-O cxd4 8.
exd4 Bg4 9. Ne5 Bxe2 10. Qxe2 Nc6 11. Nxc6 bxc6 12. Na4 Nd7 13. Rad1 Re8 14.
Qa6 Qc8 15. Qxc8 Raxc8 16. c3 f6 17. Be3 e5 18. b4 f5 19. g3 a5 20. Rb1 axb4
21. Rxb4 Bf8 22. Rb7 Ra8 23. Rxd7 Rxa4 24. dxe5 Rxe5 25. Rb1 Rae4 26. Rb6 c5
27. a4 Re8 28. a5 f4 29. gxf4 Ra4 30. a6 d4 31. cxd4 cxd4 32. Bxd4 Rxd4 33.
Rxd4 Bc5 34. Rdd6 Bxd6 35. Rxd6 Re1+ 36. Kg2 Ra1 37. Kg3 Ra5 38. Kg4 h5+ 39.
Kf3 Kf7 40. Ke4 Ra4+ 41. Kf3 Kg7 42. Rb6 Kf7 43. Kg3 Kg7 44. Rb7+ Kf6 45. a7
Ra3+ 46. f3 Ra1 47. Rc7 Kf5 48. Rc5+ 1/2-1/2

[Event "4NCL/Div4/JUTK vs. OXF2"]
[Site "Sunningdale ENG"]
[Date "2007.02.10"]
[Round "5.3"]
[White "Harakis, Alexis"]
[Black "Scott, David A"]
[Result "1-0"]
[WhiteElo "2172"]
[BlackElo "2110"]
[PlyCount "105"]
[EventDate "2007.02.10"]
[EventType "team"]
[EventRounds "11"]
[EventCountry "ENG"]

1. d4 Nf6 2. c4 e6 3. Nc3 Bb4 4. e3 b6 5. Bd3 Bb7 6. Nf3 O-O 7. O-O c5 8. Qe2
Bxc3 9. bxc3 Ne4 10. Bb2 d6 11. Ne1 f5 12. f3 Nf6 13. g3 Qe7 14. Ng2 Nbd7 15.
a4 a5 16. e4 fxe4 17. fxe4 e5 18. Nh4 g6 19. d5 Kh8 20. Bc1 Ng8 21. Nf3 h6 22.
Rb1 Kh7 23. Be3 Rae8 24. Rf2 Ngf6 25. Nh4 Bc8 26. Bd2 Qg7 27. h3 Ng8 28. Nf3
Re7 29. Kg2 Ref7 30. Qe3 Rf6 31. Be2 R6f7 32. Rff1 Rf6 33. Be1 R6f7 34. Rh1 Ne7
35. Nh2 Rh8 36. Bg4 Qf8 37. Be6 Rf6 38. Ng4 Rxe6 39. dxe6 Nf6 40. Bd2 Bxe6 41.
Nxf6+ Qxf6 42. Rxb6 Rf8 43. Rxd6 Bxh3+ 44. Kxh3 Qxd6 45. Qxh6+ Kg8 46. Kg2 Rb8
47. Qh8+ Kf7 48. Rf1+ Nf5 49. Qh7+ Ke8 50. exf5 Qxd2+ 51. Rf2 Qd6 52. f6 Qc6+
53. Kh2 1-0

[Event "4NCL/Div4/JUTK vs. OXF2"]
[Site "Sunningdale ENG"]
[Date "2007.02.10"]
[Round "5.4"]
[White "Chapman, Graham W"]
[Black "Mack, Andy"]
[Result "1/2-1/2"]
[WhiteElo "2105"]
[BlackElo "2222"]
[PlyCount "36"]
[EventDate "2007.02.10"]
[EventType "team"]
[EventRounds "11"]
[EventCountry "ENG"]

1. e4 e6 2. d4 d5 3. Nd2 c5 4. Ngf3 Nf6 5. e5 Nfd7 6. c3 Nc6 7. Bd3 g6 8. O-O
Bg7 9. Re1 O-O 10. Nf1 cxd4 11. cxd4 f6 12. exf6 Qxf6 13. Be3 e5 14. dxe5 Ndxe5
15. Nxe5 Nxe5 16. Be2 Qf7 17. Bc5 Rd8 18. Bd4 Nc6 1/2-1/2

[Event "4NCL/Div4/JUTK vs. OXF2"]
[Site "Sunningdale ENG"]
[Date "2007.02.10"]
[Round "5.5"]
[White "Rice, Chris"]
[Black "Ludbrook, Matt"]
[Result "1-0"]
[WhiteElo "2110"]
[BlackElo "2058"]
[PlyCount "80"]
[EventDate "2007.02.10"]
[EventType "team"]
[EventRounds "11"]
[EventCountry "ENG"]

1. c4 Nf6 2. g3 g6 3. Bg2 Bg7 4. Nc3 O-O 5. d3 d6 6. Bg5 h6 7. Bd2 c6 8. e4 e5
9. Nge2 Nbd7 10. O-O Nc5 11. Bc1 Ne8 12. Be3 f5 13. Qd2 Kh7 14. f3 Qe7 15. b4
Ne6 16. exf5 gxf5 17. d4 exd4 18. Nxd4 Nxd4 19. Bxd4 Be6 20. Rfe1 Qf7 21. c5
dxc5 22. Bxc5 Rg8 23. Rac1 Nc7 24. Qf2 Rgd8 25. Bf1 Rd7 26. Rc2 b6 27. Be3 Rad8
28. Ne2 Nd5 29. Rxc6 Nxb4 30. Rcc1 Nxa2 31. Rb1 Bc4 32. Nf4 b5 33. Qc2 Nc3 34.
Bxc4 bxc4 35. Rb4 a5 36. Rb6 Rd6 37. Rxd6 Rxd6 38. Bc5 Rc6 39. Bf2 Nd5 40. Nxd5
Qxd5 {time} 1-0

[Event "4NCL/Div4/JUTK vs. OXF2"]
[Site "Sunningdale ENG"]
[Date "2007.02.10"]
[Round "5.6"]
[White "Bruce, Dave"]
[Black "Donovan, Nigel"]
[Result "0-1"]
[WhiteElo "2025"]
[BlackElo "2109"]
[PlyCount "106"]
[EventDate "2007.02.10"]
[EventType "team"]
[EventRounds "11"]
[EventCountry "ENG"]

1. e4 c5 2. Nf3 d6 3. d4 cxd4 4. Nxd4 Nf6 5. Nc3 e6 6. Be3 a6 7. f4 b5 8. a3
Bb7 9. Bd3 Nbd7 10. O-O Rc8 11. Qf3 Be7 12. Rae1 O-O 13. Qh3 Kh8 14. Nf3 Rxc3
15. bxc3 Bxe4 16. Bd4 d5 17. Ng5 Bxd3 18. cxd3 Bxa3 19. Qe3 Qc7 20. Ra1 Bc5 21.
Rxa6 Ng4 22. Nxf7+ Rxf7 23. Qxe6 Bxd4+ 24. cxd4 Nh6 25. Qxd5 Rf8 26. Qxb5 Nf6
27. Qc5 Qd8 28. Rd6 Qe7 29. Qe5 Qa7 30. Re1 Nf7 31. Qc5 Qxc5 32. dxc5 Nxd6 33.
cxd6 Kg8 34. Re7 Rd8 35. g4 Kf8 36. g5 Ne8 37. Re3 Rxd6 38. Kg2 Ra6 39. Kf3 Ra2
40. h4 Kf7 41. Kg4 Rg2+ 42. Kf5 Rf2 43. h5 g6+ 44. hxg6+ hxg6+ 45. Ke5 Ng7 46.
Re4 Nh5 47. Ra4 Re2+ 48. Re4 Ra2 49. d4 Ra8 50. Kd6 Rd8+ 51. Kc6 Ng3 52. Re3
Nf5 53. Rd3 Nxd4+ 0-1

[Event "4NCL/Div4/FCA2 vs. CAMB2"]
[Site "Sunningdale ENG"]
[Date "2007.02.10"]
[Round "5.1"]
[White "Fraser-Mitchell, Jeremy"]
[Black "Cooley, Oliver"]
[Result "1-0"]
[WhiteElo "2073"]
[BlackElo "2105"]
[PlyCount "83"]
[EventDate "2007.02.10"]
[EventType "team"]
[EventRounds "11"]
[EventCountry "ENG"]

1. d4 Nf6 2. c4 g6 3. Nc3 Bg7 4. e4 d6 5. f3 O-O 6. Bg5 c5 7. d5 a6 8. Qd2 Re8
9. Bd3 b5 10. cxb5 axb5 11. Bxb5 Bd7 12. Bc4 Qb6 13. a3 Ba4 14. Nge2 Bb3 15.
Bb5 Nfd7 16. O-O Bd4+ 17. Kh1 e5 18. a4 Rc8 19. f4 c4 20. f5 Ra7 21. f6 Na6 22.
Qe1 Be3 23. Qh4 h5 24. Rf3 Bxg5 25. Qxg5 Nac5 26. Qh6 Nxf6 27. Rxf6 Bc2 28. Ng3
Qd8 29. Raf1 Bd3 30. R1f3 Qf8 31. Qxf8+ Rxf8 32. h4 Rd8 33. b4 Nb3 34. Rf2 Nd4
35. Bc6 Kg7 36. b5 Kg8 37. b6 Ra6 38. b7 Rb6 39. Rxf7 Rb3 40. Nb5 Rb1+ 41. Kh2
Nxb5 42. Bxb5 1-0

[Event "4NCL/Div4/FCA2 vs. CAMB2"]
[Site "Sunningdale ENG"]
[Date "2007.02.10"]
[Round "5.2"]
[White "Spencer, Carl"]
[Black "Goldsworthy, Patrick"]
[Result "0-1"]
[WhiteElo "2030"]
[BlackElo "2089"]
[PlyCount "84"]
[EventDate "2007.02.10"]
[EventType "team"]
[EventRounds "11"]
[EventCountry "ENG"]

1. e4 c5 2. Nf3 d6 3. Bb5+ Bd7 4. Bxd7+ Qxd7 5. O-O Nc6 6. c3 e5 7. d4 Nf6 8.
Re1 Be7 9. Nbd2 O-O 10. d5 Nd8 11. a4 Ne8 12. Qb3 g6 13. Nc4 Ng7 14. Bh6 Kh8
15. Qb5 Qc8 16. Ng5 f6 17. Nh3 Nf7 18. Bxg7+ Kxg7 19. a5 Ng5 20. Nxg5 fxg5 21.
Rac1 Qc7 22. a6 b6 23. b4 Rac8 24. Rc2 g4 25. Ne3 h5 26. Qe2 Bg5 27. Nc4 Rf7
28. b5 Rcf8 29. Rf1 Qe7 30. Ra2 Bh6 31. Raa1 Qd7 32. Rab1 Rf3 33. Rb3 R3f6 34.
f3 gxf3 35. Rxf3 Qg4 36. Kh1 Rxf3 37. gxf3 Rxf3 38. Nxd6 Qf4 39. Rb1 Rf2 40.
Nf5+ gxf5 41. Rg1+ Kf8 42. Qxh5 Qxe4+ 0-1

[Event "4NCL/Div4/FCA2 vs. CAMB2"]
[Site "Sunningdale ENG"]
[Date "2007.02.10"]
[Round "5.3"]
[White "Kendall, Paul S N"]
[Black "Gooding, Ian"]
[Result "1/2-1/2"]
[WhiteElo "2080"]
[BlackElo "2018"]
[PlyCount "78"]
[EventDate "2007.02.10"]
[EventType "team"]
[EventRounds "11"]
[EventCountry "ENG"]

1. e4 e6 2. d3 d5 3. Nd2 c5 4. g3 Nc6 5. Bg2 Nf6 6. Ngf3 Be7 7. O-O O-O 8. Re1
b5 9. c3 dxe4 10. dxe4 e5 11. Qc2 Be6 12. Nf1 Qc7 13. Ng5 Bg4 14. Ne3 h6 15.
Nh3 Qd7 16. Nxg4 Qxg4 17. Be3 Rad8 18. f3 Qc8 19. Nf2 a6 20. a4 c4 21. Bb6 Rd6
22. Bc5 Rdd8 23. Bxe7 Nxe7 24. axb5 axb5 25. b3 cxb3 26. Qxb3 Qc5 27. Qa3 Qxa3
28. Rxa3 Rd2 29. Bf1 Rb8 30. Rb1 b4 31. Rxb4 Rxb4 32. cxb4 Nc6 33. b5 Nd4 34.
b6 Rb2 35. f4 Nd7 36. Ra8+ Kh7 37. Ra7 Nxb6 38. Rxf7 Nf3+ 39. Kg2 Ne1+ 1/2-1/2

[Event "4NCL/Div4/FCA2 vs. CAMB2"]
[Site "Sunningdale ENG"]
[Date "2007.02.10"]
[Round "5.4"]
[White "Gallagher, Ian G"]
[Black "Elwin, Adrian G"]
[Result "1/2-1/2"]
[WhiteElo "2005"]
[BlackElo "2048"]
[PlyCount "92"]
[EventDate "2007.02.10"]
[EventType "team"]
[EventRounds "11"]
[EventCountry "ENG"]

1. d4 Nf6 2. Bg5 Ne4 3. h4 d5 4. Nd2 Nxd2 5. Qxd2 h6 6. Bf4 Bf5 7. e3 e6 8. c4
Bd6 9. Bxd6 Qxd6 10. c5 Qe7 11. Nf3 c6 12. b4 a6 13. Bd3 Bxd3 14. Qxd3 Nd7 15.
Kd1 Nf6 16. Nd2 Ng4 17. Qe2 f5 18. a4 e5 19. f3 Nf6 20. Nb3 e4 21. f4 Ng4 22.
Kd2 O-O 23. Na5 Qc7 24. Rhc1 Rfb8 25. Qe1 Qd8 26. Ke2 Qe8 27. Kd2 Qd8 28. g3
Qc7 29. Qe2 Rc8 30. Nb3 b5 31. axb5 axb5 32. Na5 Rf8 33. Ra3 Rae8 34. Rca1 Re6
35. Nb3 Qf7 36. Ra7 Qg6 37. Rc7 Nf6 38. Qf2 Ne8 39. Rb7 Rf7 40. Rb8 Rf8 41.
Raa8 Kh7 42. Na5 Rg8 43. Nb7 Nf6 44. Rxg8 Nxg8 45. Nd6 Nf6 46. Rc8 Ne8 1/2-1/2

[Event "4NCL/Div4/FCA2 vs. CAMB2"]
[Site "Sunningdale ENG"]
[Date "2007.02.10"]
[Round "5.5"]
[White "Valentine, Brian J"]
[Black "Kreuzer, Christopher"]
[Result "1-0"]
[WhiteElo "2010"]
[BlackElo "1990"]
[PlyCount "49"]
[EventDate "2007.02.10"]
[EventType "team"]
[EventRounds "11"]
[EventCountry "ENG"]

1. e4 c5 2. Nf3 d6 3. d4 cxd4 4. Nxd4 Nf6 5. Nc3 a6 6. Bg5 e6 7. f4 Be7 8. Qf3
h6 9. Bh4 Qc7 10. O-O-O b5 11. Bd3 b4 12. e5 Bb7 13. Ne4 Nxe4 14. Bxe4 d5 15.
Qh5 Qd7 16. f5 Bxh4 17. Qxh4 Qe7 18. f6 gxf6 19. exf6 Qd6 20. Bf3 Bc8 21. Rhe1
Bd7 22. Nf5 Qf8 23. Bxd5 Ra7 24. Ng7+ Kd8 25. Bxe6 1-0

[Event "4NCL/Div4/FCA2 vs. CAMB2"]
[Site "Sunningdale ENG"]
[Date "2007.02.10"]
[Round "5.6"]
[White "Gibbs, Dominic"]
[Black "Majer, Chris E"]
[Result "0-1"]
[WhiteElo "1956"]
[BlackElo "2012"]
[PlyCount "72"]
[EventDate "2007.02.10"]
[EventType "team"]
[EventRounds "11"]
[EventCountry "ENG"]

1. d4 Nf6 2. c4 c5 3. d5 b5 4. cxb5 a6 5. bxa6 g6 6. Nc3 Bxa6 7. e4 Bxf1 8.
Kxf1 Bg7 9. Nf3 d6 10. h3 O-O 11. Kg1 Nbd7 12. Kh2 Ra6 13. Re1 Qa8 14. Qc2 Rb8
15. b3 Ne8 16. Bb2 Nc7 17. Nd2 Nb6 18. f4 Kf8 19. Ne2 Nb5 20. Bxg7+ Kxg7 21. a4
Kg8 22. Qb2 Nc7 23. Qc3 Ra5 24. f5 Qa6 25. Nf4 c4 26. fxg6 hxg6 27. Rf1 Ne8 28.
Qf3 Nf6 29. Nxc4 Nxc4 30. bxc4 Qxc4 31. Rae1 Rb3 32. Qd1 Nd7 33. Qg4 Ne5 34.
Qg5 Ra7 35. h4 f6 36. Qh6 Ng4+ 0-1

[Event "4NCL/Div4/NOTT2 vs. CONQ1"]
[Site "Sunningdale ENG"]
[Date "2007.02.10"]
[Round "5.1"]
[White "Wright, Antony J"]
[Black "Prizant, Michael"]
[Result "1/2-1/2"]
[WhiteElo "2020"]
[BlackElo "2140"]
[PlyCount "59"]
[EventDate "2007.02.10"]
[EventType "team"]
[EventRounds "11"]
[EventCountry "ENG"]

1. d4 d5 2. Nf3 e6 3. Bf4 Bd6 4. Bg3 Nf6 5. e3 Nbd7 6. Nbd2 Bxg3 7. hxg3 c5 8.
c3 Qc7 9. Bd3 h6 10. Rh4 e5 11. dxe5 Nxe5 12. Nxe5 Qxe5 13. Nf3 Qc7 14. Kf1 Bd7
15. b4 b6 16. Rc1 Rd8 17. Bb1 Be6 18. Qa4+ Bd7 19. Qa3 O-O 20. Kg1 Rfe8 21. Qb2
Be6 22. a4 Rc8 23. b5 Rcd8 24. Qc2 Ne4 25. Nd2 Bf5 26. Nxe4 Bxe4 27. Qb2 Bxb1
28. Qxb1 Qe5 29. Qb3 Re7 30. Rd1 1/2-1/2

[Event "4NCL/Div4/NOTT2 vs. CONQ1"]
[Site "Sunningdale ENG"]
[Date "2007.02.10"]
[Round "5.2"]
[White "Archer-Lock, Christopher"]
[Black "Thompson, Brian"]
[Result "1/2-1/2"]
[WhiteElo "2065"]
[BlackElo "2000"]
[PlyCount "94"]
[EventDate "2007.02.10"]
[EventType "team"]
[EventRounds "11"]
[EventCountry "ENG"]

1. d4 Nf6 2. c4 g6 3. Nc3 Bg7 4. Nf3 O-O 5. Bf4 d6 6. e3 c6 7. Be2 Nbd7 8. h3
a6 9. a4 Re8 10. O-O Nf8 11. b4 Nh5 12. Bh2 Bd7 13. Qb3 e5 14. g4 e4 15. Nd2
Nf6 16. Bxd6 Bxg4 17. hxg4 Qxd6 18. g5 Nh5 19. Ncxe4 Qd7 20. Kg2 Qf5 21. Qb1
Ne6 22. Nf6+ Nxf6 23. Qxf5 gxf5 24. gxf6 Bxf6 25. Bd3 Ng7 26. Rh1 Re6 27. Kf3
Be7 28. c5 Bd8 29. Nc4 Bc7 30. Rag1 Rg6 31. Ke2 Re8 32. Kf3 Ree6 33. Bc2 Rxg1
34. Rxg1 Rg6 35. Rh1 h5 36. Nb2 Rh6 37. Rh4 Bd8 38. Rh1 h4 39. Nd3 Bc7 40. Nf4
Bxf4 41. Kxf4 Rh5 42. Bd1 Rh6 43. Be2 Kf8 44. b5 axb5 45. axb5 Ke7 46. b6 Kf6
47. Bf1 Ne6+ 1/2-1/2

[Event "4NCL/Div4/NOTT2 vs. CONQ1"]
[Site "Sunningdale ENG"]
[Date "2007.02.10"]
[Round "5.3"]
[White "Kingston, Ian"]
[Black "Foster, James C"]
[Result "1/2-1/2"]
[WhiteElo "1965"]
[BlackElo "1914"]
[PlyCount "36"]
[EventDate "2007.02.10"]
[EventType "team"]
[EventRounds "11"]
[EventCountry "ENG"]

1. e4 d5 2. exd5 Qxd5 3. Nc3 Qa5 4. g3 c6 5. Bg2 Nf6 6. Nf3 Bg4 7. h3 Bh5 8. g4
Bg6 9. b4 Qc7 10. O-O e6 11. a3 Nbd7 12. Bb2 Be7 13. d3 a5 14. b5 Rd8 15. Re1
Bc5 16. Qe2 O-O 17. bxc6 bxc6 18. Na4 Bd6 1/2-1/2

[Event "4NCL/Div4/NOTT2 vs. CONQ1"]
[Site "Sunningdale ENG"]
[Date "2007.02.10"]
[Round "5.4"]
[White "Lee, Jia Shen"]
[Black "Graham, Neil"]
[Result "1/2-1/2"]
[WhiteElo "1930"]
[BlackElo "1915"]
[PlyCount "41"]
[EventDate "2007.02.10"]
[EventType "team"]
[EventRounds "11"]
[EventCountry "ENG"]

1. d4 Nf6 2. c4 e5 3. dxe5 Ne4 4. Nf3 Bb4+ 5. Bd2 Nxd2 6. Nbxd2 Nc6 7. a3 Bf8
8. e3 Qe7 9. Qc2 g6 10. Be2 Bg7 11. O-O Nxe5 12. Nxe5 Qxe5 13. Rab1 O-O 14. b4
d6 15. Nf3 Bf5 16. Bd3 Bxd3 17. Qxd3 Qc3 18. Qxc3 Bxc3 19. Rfd1 b6 20. Nd4 Bxd4
21. Rxd4 1/2-1/2

[Event "4NCL/Div4/NOTT2 vs. CONQ1"]
[Site "Sunningdale ENG"]
[Date "2007.02.10"]
[Round "5.5"]
[White "Hill, Maurice J"]
[Black "Winchcombe, Andrew"]
[Result "0-1"]
[WhiteElo "1910"]
[BlackElo "1895"]
[PlyCount "76"]
[EventDate "2007.02.10"]
[EventType "team"]
[EventRounds "11"]
[EventCountry "ENG"]

1. g3 g6 2. Bg2 Bg7 3. c4 e5 4. Nc3 Ne7 5. e4 c5 6. Nge2 Nbc6 7. O-O O-O 8. d3
d6 9. Be3 Nd4 10. h3 Rb8 11. Qd2 Bxh3 12. Bh6 Qd7 13. Bxg7 Kxg7 14. Nxd4 cxd4
15. Bxh3 Qxh3 16. Nb5 Rbd8 17. Nxa7 f5 18. Qg5 Rd7 19. Qh4 Qxh4 20. gxh4 fxe4
21. dxe4 Rf4 22. f3 Rxh4 23. Rad1 g5 24. Rd2 Ng6 25. Nb5 Rf4 26. Kg2 h5 27.
Rdf2 Kf6 28. Na3 Ke6 29. Nc2 Rh4 30. Kg3 Rf7 31. Ne1 Nf4 32. Rh2 Rxh2 33. Kxh2
Rg7 34. Rg1 g4 35. Nc2 Ne2 36. Rf1 g3+ 37. Kg2 Nf4+ 38. Kg1 g2 0-1

[Event "4NCL/Div4/NOTT2 vs. CONQ1"]
[Site "Sunningdale ENG"]
[Date "2007.02.10"]
[Round "5.6"]
[White "Cork, David J"]
[Black "Lakhani, Anjali"]
[Result "1-0"]
[WhiteElo "1960"]
[BlackElo "1830"]
[PlyCount "72"]
[EventDate "2007.02.10"]
[EventType "team"]
[EventRounds "11"]
[EventCountry "ENG"]

1. e4 c5 2. Nf3 d6 3. d4 cxd4 4. Nxd4 Nf6 5. Nc3 g6 6. Be3 Bg7 7. f3 Nc6 8. Qd2
O-O 9. Bc4 Bd7 10. O-O-O Rb8 11. g4 Na5 12. Bb3 b5 13. h4 Nc4 14. Qe2 Nxe3 15.
Qxe3 h5 16. Rdg1 Qb6 17. gxh5 Ng4 18. fxg4 Bxd4 19. Qg3 Bf2 20. Qg2 Qe3+ 21.
Kb1 Bxg1 22. Rxg1 Be6 23. Bd5 b4 24. Nd1 Qh6 25. hxg6 Qxg6 26. Ne3 Bxd5 27.
exd5 b3 28. axb3 Rxb3 29. Nf5 Rb7 30. Re1 Qf6 31. b3 a5 32. Qe4 Rfb8 33. Re3
Ra8 34. Qf4 a4 35. g5 Qg6 36. Rxe7 Rab8 {time} 1-0

[Event "4NCL/Div4/LMAO1 vs. KSP"]
[Site "Sunningdale ENG"]
[Date "2007.02.10"]
[Round "5.1"]
[White "Poobalasingam, Peter"]
[Black "Harley-Yeo, Gareth"]
[Result "1/2-1/2"]
[WhiteElo "2089"]
[BlackElo "2075"]
[PlyCount "44"]
[EventDate "2007.02.10"]
[EventType "team"]
[EventRounds "11"]
[EventCountry "ENG"]

1. d4 d5 2. c4 c6 3. Nc3 Nf6 4. e3 a6 5. a4 g6 6. Be2 Bg7 7. h4 h5 8. Nh3 Nbd7
9. Qb3 e6 10. a5 b5 11. axb6 Qxb6 12. Qxb6 Nxb6 13. Na4 Nfd7 14. cxd5 cxd5 15.
Bd2 O-O 16. Nf4 Bb7 17. Nd3 Nxa4 18. Rxa4 Bc6 19. Ra2 Rfb8 20. O-O Bf8 21. Rfa1
Bb5 22. Nc1 Nb6 1/2-1/2

[Event "4NCL/Div4/LMAO1 vs. KSP"]
[Site "Sunningdale ENG"]
[Date "2007.02.10"]
[Round "5.2"]
[White "Davies, Matthew"]
[Black "Harrington, James"]
[Result "1-0"]
[WhiteElo "1960"]
[BlackElo "1905"]
[PlyCount "85"]
[EventDate "2007.02.10"]
[EventType "team"]
[EventRounds "11"]
[EventCountry "ENG"]

1. d4 d6 2. c4 e5 3. e3 Be6 4. Nc3 Nd7 5. d5 Bf5 6. e4 Bg6 7. Nf3 Ngf6 8. Nd2
Nc5 9. f3 Nh5 10. g3 f5 11. exf5 Bxf5 12. Nde4 Nf6 13. Bg2 Be7 14. Be3 Qd7 15.
b4 Ncxe4 16. Nxe4 O-O 17. O-O Qe8 18. Re1 Qg6 19. Nxf6+ Bxf6 20. Rc1 a5 21. b5
b6 22. Bf1 h5 23. Qd2 Rf7 24. Rcd1 Raf8 25. Bd3 e4 26. Bxe4 Bxe4 27. fxe4 h4
28. Qg2 Be5 29. Rf1 Rxf1+ 30. Rxf1 Rxf1+ 31. Kxf1 hxg3 32. hxg3 Qh5 33. g4 Qg6
34. Qf3 Bf6 35. Qf5 Qxf5+ 36. exf5 a4 37. Kg2 Kf7 38. Kf3 Be5 39. Ke4 Bf6 40.
g5 Bd8 41. Kf4 Be7 42. Ke4 g6 43. f6 1-0

[Event "4NCL/Div4/LMAO1 vs. KSP"]
[Site "Sunningdale ENG"]
[Date "2007.02.10"]
[Round "5.3"]
[White "Iyengar, Ilya"]
[Black "Zhu, Yao Yao"]
[Result "0-1"]
[WhiteElo "1815"]
[BlackElo "2000"]
[PlyCount "60"]
[EventDate "2007.02.10"]
[EventType "team"]
[EventRounds "11"]
[EventCountry "ENG"]

1. d4 d5 2. c4 e6 3. Nc3 c6 4. Nf3 Bd6 5. e3 f5 6. b3 Nf6 7. Bb2 O-O 8. Ne5 Ne4
9. h4 Nd7 10. Nxe4 fxe4 11. f3 Qa5+ 12. Kf2 exf3 13. Nxd7 Bxd7 14. gxf3 Rae8
15. Bh3 Qd8 16. c5 Bb8 17. Bg4 e5 18. Bxd7 Qxd7 19. Kg2 e4 20. f4 Bxf4 21. exf4
Rxf4 22. Rh2 Qf5 23. Kg1 e3 24. Qe2 Rg4+ 25. Kh1 Qe4+ 26. Rg2 Rxh4+ 27. Kg1 Re6
28. Rh2 Rg6+ 29. Kf1 Rf4+ 30. Ke1 Rg1+ 0-1

[Event "4NCL/Div4/LMAO1 vs. KSP"]
[Site "Sunningdale ENG"]
[Date "2007.02.10"]
[Round "5.4"]
[White "Spencer, Doug"]
[Black "Kenyon, Scott J M"]
[Result "0-1"]
[WhiteElo "1970"]
[BlackElo "1765"]
[PlyCount "62"]
[EventDate "2007.02.10"]
[EventType "team"]
[EventRounds "11"]
[EventCountry "ENG"]

1. d4 e6 2. Nf3 f5 3. c4 Nf6 4. Nc3 Be7 5. g3 d6 6. Bg2 O-O 7. O-O Qe8 8. Nd2
Nc6 9. Nb5 Bd8 10. d5 exd5 11. cxd5 Ne5 12. Nd4 Neg4 13. Nc4 Nxh2 14. Kxh2 Ng4+
15. Kg1 Qh5 16. Nf3 g5 17. Ne3 f4 18. Nxg4 Bxg4 19. gxf4 gxf4 20. Qa4 Bg5 21.
Nh2 Bxe2 22. Re1 Rf6 23. f3 Bd3 24. Ng4 Rf5 25. Qd4 Ba6 26. b3 c5 27. dxc6 Bd8
28. Qxd6 Bb6+ 29. Nf2 Bxf2+ 30. Kxf2 Qh4+ 31. Kg1 Qxe1+ 0-1

[Event "4NCL/Div4/LMAO1 vs. KSP"]
[Site "Sunningdale ENG"]
[Date "2007.02.10"]
[Round "5.5"]
[White "Hall, Toby J"]
[Black "Parry, Matthew"]
[Result "0-1"]
[WhiteElo "1765"]
[BlackElo "1677"]
[PlyCount "110"]
[EventDate "2007.02.10"]
[EventType "team"]
[EventRounds "11"]
[EventCountry "ENG"]

1. d4 d5 2. c4 c6 3. Nc3 Nf6 4. Bg5 e6 5. Nf3 dxc4 6. a4 b5 7. axb5 cxb5 8.
Nxb5 Qb6 9. Nc3 h6 10. Bxf6 gxf6 11. Qc2 Nc6 12. e3 Nb4 13. Qd2 Ba6 14. Rb1
Nd3+ 15. Bxd3 cxd3 16. O-O Rg8 17. Kh1 Qc6 18. Rg1 Bd6 19. e4 Ke7 20. e5 fxe5
21. dxe5 Bc5 22. Qxh6 Rg6 23. Qh4+ Kd7 24. Ne4 Be7 25. Nf6+ Bxf6 26. exf6 Qd5
27. Qf4 Ke8 28. Qc7 Rxf6 29. Qc3 Rf5 30. Rbc1 Rc8 31. Qh8+ Kd7 32. Rxc8 Bxc8
33. Rc1 Bb7 34. Qh3 d2 35. Rd1 Rxf3 36. Qxf3 Qxf3 37. Rxd2+ Qd5 38. Rxd5+ Bxd5
39. Kg1 Kd6 40. Kf1 Kc5 41. g3 Bc4+ 42. Ke1 Kd4 43. Kd2 Bf1 44. g4 Bd3 45. h4
Bh7 46. h5 a5 47. g5 a4 48. f4 Ke4 49. Kc3 Kxf4 50. g6 fxg6 51. hxg6 Bxg6 52.
Kb4 e5 53. Kxa4 e4 54. Kb3 Kf3 55. Kc2 Kf2 0-1

[Event "4NCL/Div4/LMAO1 vs. KSP"]
[Site "Sunningdale ENG"]
[Date "2007.02.10"]
[Round "5.6"]
[White "Griffiths, Hywel"]
[Black "Shaw, Dashiell"]
[Result "1/2-1/2"]
[WhiteElo "1619"]
[BlackElo "1750"]
[PlyCount "89"]
[EventDate "2007.02.10"]
[EventType "team"]
[EventRounds "11"]
[EventCountry "ENG"]

1. b4 d5 2. Bb2 e6 3. e3 Nf6 4. b5 Bd6 5. Nf3 c6 6. c4 Bd7 7. bxc6 Bxc6 8. cxd5
Bxd5 9. Bb5+ Nc6 10. Nc3 O-O 11. Nxd5 exd5 12. O-O Ng4 13. h3 Nge5 14. Nxe5
Bxe5 15. Bxe5 Nxe5 16. d4 Nd7 17. Qh5 Nf6 18. Qf5 Ne4 19. Bd3 g6 20. Qg4 f5 21.
Qf4 Qb8 22. Qxb8 Raxb8 23. Rfc1 b5 24. Rc7 Rf7 25. Rac1 Rb7 26. Rc8+ Kg7 27. f3
Nf6 28. R1c5 a6 29. R8c6 Ra7 30. Bc2 Rfd7 31. Bb3 h6 32. Rb6 Rdc7 33. Rxc7+
Rxc7 34. Rxa6 Rc1+ 35. Kh2 Rb1 36. Rb6 Rb2 37. Kg3 Nh5+ 38. Kh2 f4 39. e4 Ng3
40. Bxd5 Rb1 41. Rb7+ Kh8 42. Rb8+ Kh7 43. Rb7+ Kh8 44. Rb8+ Kg7 45. Rb7+
1/2-1/2

[Event "4NCL/Div4/PAND vs. HC"]
[Site "Sunningdale ENG"]
[Date "2007.02.10"]
[Round "5.1"]
[White "Hammond, Andrew J C"]
[Black "Tavoularis, Nicholas"]
[Result "0-1"]
[WhiteElo "2208"]
[BlackElo "2265"]
[PlyCount "62"]
[EventDate "2007.02.10"]
[EventType "team"]
[EventRounds "11"]
[EventCountry "ENG"]

1. d4 f5 2. Nf3 Nf6 3. h3 d6 4. Nc3 g6 5. Bg5 Nbd7 6. g4 Nb6 7. Qd3 fxg4 8.
hxg4 Bxg4 9. Bxf6 Bxf3 10. Bxh8 Bxh1 11. Qh3 Bd5 12. Nxd5 Nxd5 13. Qxh7 c6 14.
Qxg6+ Kd7 15. e4 Qa5+ 16. Kd1 Nf4 17. Qg4+ Kc7 18. d5 Bh6 19. Bc3 Qc5 20. dxc6
bxc6 21. Ke1 Rf8 22. Qh4 Bg5 23. Qh2 Ng6 24. Ba6 Rxf2 25. Qh3 Rf8 26. Qg4 Qe3+
27. Kd1 Rh8 28. Ba5+ Kb8 29. Be1 Ne5 30. Qe2 Qd4+ 31. Bd3 Qxb2 0-1

[Event "4NCL/Div4/PAND vs. HC"]
[Site "Sunningdale ENG"]
[Date "2007.02.10"]
[Round "5.3"]
[White "Birtwhistle, Nigel"]
[Black "Stinton-Brownbridge, Michael"]
[Result "1-0"]
[WhiteElo "2105"]
[BlackElo "2025"]
[PlyCount "47"]
[EventDate "2007.02.10"]
[EventType "team"]
[EventRounds "11"]
[EventCountry "ENG"]

1. e4 c5 2. c3 g6 3. d4 cxd4 4. cxd4 d5 5. exd5 Nf6 6. Nc3 Nxd5 7. Qb3 e6 8.
Nf3 Nc6 9. Bg5 Nf6 10. Bb5 Bg7 11. Qa3 Qe7 12. Qa4 O-O 13. O-O a6 14. Bxc6 bxc6
15. Ne5 c5 16. Ne4 h6 17. Nxf6+ Bxf6 18. Nc6 Qe8 19. Bxf6 Kh7 20. dxc5 Bb7 21.
Rfd1 Bxc6 22. Qh4 Bd5 23. Rd3 Qc6 24. Qxh6+ 1-0

[Event "4NCL/Div4/PAND vs. HC"]
[Site "Sunningdale ENG"]
[Date "2007.02.10"]
[Round "5.4"]
[White "Foord, Dominic"]
[Black "McCarthy, Kevin"]
[Result "1-0"]
[WhiteElo "1905"]
[BlackElo "2055"]
[PlyCount "81"]
[EventDate "2007.02.10"]
[EventType "team"]
[EventRounds "11"]
[EventCountry "ENG"]

1. d4 Nf6 2. c4 c6 3. Nc3 d5 4. Nf3 e6 5. Bg5 Nbd7 6. cxd5 exd5 7. Qc2 Bb4 8.
e3 O-O 9. Bd3 Qa5 10. O-O Bxc3 11. bxc3 Re8 12. Bf4 Ne4 13. Rac1 Ndf6 14. h3 h6
15. Ne5 Qd8 16. c4 Be6 17. Rb1 Qc8 18. c5 Ng5 19. h4 Ngh7 20. f3 Nf8 21. Qb3
Re7 22. Rfc1 Bf5 23. Bxf5 Qxf5 24. g4 Qc8 25. g5 Nh5 26. gxh6 Nxf4 27. exf4 Ng6
28. h7+ Kxh7 29. Qc2 f5 30. Nxg6 Kxg6 31. h5+ Kh7 32. Qg2 Qe8 33. Qg5 g6 34.
Rb2 Re1+ 35. Rxe1 Qxe1+ 36. Kg2 b6 37. Qxg6+ Kh8 38. Qf6+ Kh7 39. Qxf5+ Kg8 40.
h6 Rd8 41. Qg6+ 1-0